| Tag |
First Indicator |
Second Indicator |
Subfields |
| LEADER |
00000cam a22000001a 4500 |
| 001 |
in00002809708 |
| 005 |
20190331182235.0 |
| 006 |
m o d |
| 007 |
cr bn mmmapmmp |
| 008 |
091231s1951 dcud o f000 0 eng d |
| 035 |
|
|
|a cis2004337577
|
| 040 |
|
|
|a UMI
|c UMI
|d UtOrBLW
|
| 043 |
|
|
|a n-us---
|
| 086 |
0 |
|
|a D 303.7:951
|
| 099 |
|
|
|a ProQuest Serial Set Number 11542 H.doc.40
|
| 110 |
1 |
|
|a United States.
|b Department of the Air Force.
|
| 245 |
1 |
0 |
|a Air Force Register.
|
| 246 |
1 |
|
|a Air Force register, January 1, 1951
|
| 264 |
|
1 |
|a Washington :
|b [publisher not identified],
|c 1951.
|
| 300 |
|
|
|a 1 online resource.
|
| 336 |
|
|
|a text
|b txt
|2 rdacontent
|
| 337 |
|
|
|a computer
|b c
|2 rdamedia
|
| 338 |
|
|
|a online resource
|b cr
|2 rdacarrier
|
| 490 |
0 |
|
|a H.doc.40
|
| 500 |
|
|
|a Record is based on bibliographic data in ProQuest U.S. Serial Set Digital Collection (last viewed Dec. 2009). Reuse except for individual research requires license from ProQuest, LLC.
|
| 510 |
3 |
|
|a ProQuest U.S. Serial Set Digital Collection
|
| 500 |
|
|
|a Electronic resource.
|
| 610 |
1 |
0 |
|a United States.
|b Air Force.
|
| 650 |
|
0 |
|a Armed Forces
|x Officers.
|
| 650 |
|
0 |
|a Soldiers.
|
| 655 |
|
7 |
|a Electronic books.
|2 local
|
| 710 |
2 |
|
|a ProQuest (Firm)
|
| 830 |
|
0 |
|a United States congressional serial set.
|
| 856 |
4 |
0 |
|u http://proxy.library.tamu.edu/login?url=http://congressional.proquest.com/congcomp/getdoc?SERIAL-SET-ID=11542+H.doc.40
|z Connect to the full text of this electronic book
|t 0
|
| 999 |
|
|
|a MARS
|
| 999 |
f |
f |
|s 5daf07e1-c09b-39ef-8eb5-a107bd7d8f79
|i 81f039be-7399-3f19-93e6-4e31dc5fee6d
|t 0
|
| 952 |
f |
f |
|a Texas A&M University
|b College Station
|c Electronic Resources
|d Available Online
|t 0
|e ProQuest Serial Set Number 11542 H.doc.40
|h Other scheme
|
| 998 |
f |
f |
|a ProQuest Serial Set Number 11542 H.doc.40
|t 0
|l Available Online
|